the Scientific Indian: (Record no. 68397)

MARC details
000 -LEADER
fixed length control field 02555nam a22003137a 4500
005 - DATE AND TIME OF LATEST TRANSACTION
control field 20120713152353.0
010 ## - LCCN (DPL NO)
LC control number B-458374-383
020 ## - INTERNATIONAL STANDARD BOOK NUMBER
International Standard Book Number 9780143416876
Terms of availability 250.00
035 ## - SYSTEM CONTROL NUMBER
System control number B-458374-383
037 ## - SOURCE OF ACQUISITION
Stock number dpl
Source of stock number/acquisition K.K.Pub/Ven
082 ## - DEWEY DECIMAL CLASSIFICATION NUMBER
Classification number 500.2
100 ## - MAIN ENTRY--PERSONAL NAME
Personal name Abdul Kalam, A.P.J
245 ## - TITLE STATEMENT
Title the Scientific Indian:
Remainder of title A Twenty Century Guide To The World Around Us/
Statement of responsibility, etc by A.P.J.Abdul Kalam and Y.S.Rajan
260 ## - PUBLICATION, DISTRIBUTION, ETC. (IMPRINT)
Place of publication, distribution, etc New Delhi
Name of publisher, distributor, etc Penguin Books
Date of publication, distribution, etc 2010
270 ## - ADDRESS
Address 11 Community centre, Panchsheel Park
City New delhi
300 ## - PHYSICAL DESCRIPTION
Extent 222p
Dimensions 21cm
942 ## - ADDED ENTRY ELEMENTS (KOHA)
Source of classification or shelving scheme Dewey Decimal Classification
Item type English Books
Classification part 500.2
Call number suffix ABD
Holdings
Withdrawn status Lost status Not for loan Collection code Home library Current library Date acquired Source of acquisition Cost, normal purchase price Full call number Barcode Copy number Cost, replacement price Koha item type
      Non-fiction Andrews Gunj Andrews Gunj 19/07/2012 K.K.Pub/1662/24.01.2012/25/18.01.2012/06.02.2012 250.00 500.2 ABD B-458379 1 250.00 English Books
      Non-fiction Bawana Bawana 19/07/2012 K.K.Pub/1662/24.01.2012/25/18.01.2012/06.02.2012 250.00 500.2 ABD B-458381 1 250.00 English Books
      Non-fiction Central Library Central Library 19/07/2012 K.K.Pub/1662/24.01.2012/25/18.01.2012/06.02.2012 250.00 500.2 ABD B-458374 1 250.00 English Books
      Non-fiction Janak Puri Janak Puri 19/07/2012 K.K.Pub/1662/24.01.2012/25/18.01.2012/06.02.2012 250.00 500.2 ABD B-458376 1 250.00 English Books
      Non-fiction Narela Narela 19/07/2012 K.K.Pub/1662/24.01.2012/25/18.01.2012/06.02.2012 250.00 500.2 ABD B-458382 1 250.00 English Books
  Written-off vide DLB M. No. 383 dt 16.05.19   Non-fiction Patel Nagar Patel Nagar 19/07/2012 K.K.Pub/1662/24.01.2012/25/18.01.2012/06.02.2012 250.00 500.2 ABD B-458375 1 250.00 English Books
      Non-fiction R.K.Puram-8 R.K.Puram-8 19/07/2012 K.K.Pub/1662/24.01.2012/25/18.01.2012/06.02.2012 250.00 500.2 ABD B-458378 1 250.00 English Books
      Non-fiction Sarojini Nagar Sarojini Nagar 19/07/2012 K.K.Pub/1662/24.01.2012/25/18.01.2012/06.02.2012 250.00 500.2 ABD B-458377 1 250.00 English Books
      Non-fiction Shahdara Branch Shahdara Branch 19/07/2012 K.K.Pub/1662/24.01.2012/25/18.01.2012/06.02.2012 250.00 500.2 ABD B-458383 1 250.00 English Books
      Non-fiction Vinoba Puri Vinoba Puri 19/07/2012 K.K.Pub/1662/24.01.2012/25/18.01.2012/06.02.2012 250.00 500.2 ABD B-458380 1 250.00 English Books

© Delhi Public Library
Hit Counter
free hit counter